Pup in the mud & bug in the mug, series 1-Book 5. (Record no. 112836)
[ view plain ]
| 000 -LEADER | |
|---|---|
| fixed length control field | 00310nam a2200121 a 4500 |
| 001 - CONTROL NUMBER | |
| control field | 4140 |
| 005 - DATE AND TIME OF LATEST TRANSACTION | |
| control field | 20140414131953.0 |
| 008 - FIXED-LENGTH DATA ELEMENTS--GENERAL INFORMATION | |
| fixed length control field | 090218s19uu xx 00 eng d |
| 050 ## - LIBRARY OF CONGRESS CALL NUMBER | |
| Classification number | TR 428.4 |
| Item number | M11 2004 |
| 100 ## - MAIN ENTRY--PERSONAL NAME | |
| Personal name | Mah, May S. M. |
| 245 ## - TITLE STATEMENT | |
| Title | Pup in the mud & bug in the mug, series 1-Book 5. |
| Withdrawn status | Lost status | Damaged status | Home library | Current library | Shelving location | Date acquired | Total Checkouts | Full call number | Barcode | Date last seen | Price effective from | Koha item type |
|---|---|---|---|---|---|---|---|---|---|---|---|---|
| Munich Library | Munich Library | Teachers Reference Section | 02/18/2009 | TR 428.4 M11 2004 | M4234 | 04/14/2014 | 04/14/2014 | Books |